Udržateľné inovácie v podmienkych SR
Východiská vnímania udržateľných inovácií. Stav a vývoj inovácií zameraných na problematiku udržateľnosti v SR. Inovačná aktivita podnikov v SR. Trendy v inováciách zameraných na udržateľnosť.
Enregistré dans:
| Auteur principal: | |
|---|---|
| Autres auteurs: | |
| Format: | Chapitre de livre |
| Langue: | slovaque |
| Sujets: | |
| Tags: |
Pas de tags, Soyez le premier à ajouter un tag!
|
MARC
| LEADER | 00000naa$a2200000$$$4500 | ||
|---|---|---|---|
| 001 | 0289986 | ||
| 005 | 20240502083934.2 | ||
| 041 | 0 | |a slo | |
| 044 | |a CZ | ||
| 245 | 1 | 0 | |a Udržateľné inovácie v podmienkych SR |c Slavka Šagátová, Daniela Rybárová |
| 520 | |a Východiská vnímania udržateľných inovácií. Stav a vývoj inovácií zameraných na problematiku udržateľnosti v SR. Inovačná aktivita podnikov v SR. Trendy v inováciách zameraných na udržateľnosť. | ||
| 610 | 2 | 0 | |a inovácia |
| 610 | 2 | 0 | |a udržateľnosť |
| 610 | 2 | 0 | |a spotreba udržateľná |
| 610 | 2 | 0 | |a výroba |
| 610 | 2 | 0 | |a prostredie životné |
| 610 | 2 | 0 | |a podnik |
| 610 | 2 | 0 | |a Slovensko |
| 100 | 1 | |a Šagátová, Slavka, 1975- | |
| 700 | 1 | |a Rybárová, Daniela, 1967- | |